000 00672nam a2200241Ia 4500
003 OSt
005 20220926034056.0
006 a|||||r|||| 00| 0
007 ta
008 220923b |||||||| |||| 00| 0 eng d
020 _a0815777019
037 _cGeneral Book
040 _aRTL
_cRTL
_beng
041 _2eng
_aeng
082 _aX9(J3).42.N7, L8
100 _aSaderson Fred H
_9340038
245 0 _aJapan's food prospects and policies
260 _aWashington
_bBrookings
_c1978
300 _axi, 99p. Bibp. 98-9
_ccm.
650 _aFood Industry
942 _hX9(J3).42.N7, L8
_cGB
_2CC
999 _c658698
_d658698